Capitales d'Europe - Map - Statistiques

Statistiques générales
  • Ce quiz a été pris 57 fois
  • Le résultat moyen est 38 sur 45
Réponses sur la Carte
Les réponses sont colorées sur une échelle allant du rouge au vert en fonction du pourcentage des utilisateurs qui les ont devinées à leur premier essai. Vous pouvez retrouver ces pourcentages ci-dessous.
 
Statistiques - réponses
Réponse % Correct
Paris
100%
Berlin
98%
Dublin
98%
Londres
98%
Luxembourg
98%
Madrid
98%
Amsterdam
96%
Bruxelles
96%
Lisbonne
96%
Moscou
96%
Athènes
94%
Monaco
94%
Oslo
94%
Rome
94%
Bern
92%
Kiev
92%
Vatican
92%
Bucarest
90%
Budapest
90%
Helsinki
90%
Sofia
90%
Vienne
90%
Copenhague
88%
Saint-Marin
88%
Varsovie
88%
Andorre-la-Vieille
86%
Stockholm
86%
Zagreb
86%
La Valette
82%
Prague
82%
Reykjavik
78%
Riga
78%
Ljubljana
76%
Tallinn
76%
Bratislava
74%
Belgrade
72%
Sarajevo
72%
Vaduz
72%
Minsk
70%
Tirana
70%
Vilnius
68%
Pristina
64%
Chișinău
58%
Skopje
58%
Podgorica
54%
Aucun quiz correspondant
Distribution des résultats
% des personnes avec chaque résultat
Percentile par nombre de réponses
Votre historique - résultats
Vous n’avez pas pris ce quiz